000
00256nam a2200109Ia 4500
008
220204s9999 xx 000 0 und d
082
_a
681.311PAS
_b
SWA
100
_a
Swan, Tom
245
0
_a
Mastering Turbopascal
260
_a
Delhi
_b
BPB
_c
1987
942
_c
BK
999
_c
40610
_d
40610